|
|
|
|
| LEADER |
01965nam a2200421 a 4500 |
| 001 |
EBC786899 |
| 003 |
MiAaPQ |
| 005 |
20200520144314.0 |
| 006 |
m o d | |
| 007 |
cr cn||||||||| |
| 008 |
111213s2011 sz ad sb 000 0 fre d |
| 020 |
|
|
|z 9789221245810 (English)
|
| 020 |
|
|
|z 9789223245818 (Spanish)
|
| 020 |
|
|
|z 9789222245819
|
| 020 |
|
|
|a 9789222245826 (electronic bk.)
|
| 035 |
|
|
|a (MiAaPQ)EBC786899
|
| 035 |
|
|
|a (Au-PeEL)EBL786899
|
| 035 |
|
|
|a (CaPaEBR)ebr10512099
|
| 035 |
|
|
|a (OCoLC)757261170
|
| 040 |
|
|
|a MiAaPQ
|c MiAaPQ
|d MiAaPQ
|
| 050 |
|
4 |
|a HD5706
|b .A98 2011
|
| 245 |
0 |
4 |
|a Une autre voie est possible
|h [electronic resource] :
|b politiques economiques et strategies syndicales au-dela de la pensee unique /
|c sous la direction de Nicolas Pons-Vignon.
|
| 250 |
|
|
|a 1ere ed.
|
| 260 |
|
|
|a Geneve :
|b Bureau international du Travail,
|c 2011.
|
| 300 |
|
|
|a xix, 149 p. :
|b col. ill.
|
| 500 |
|
|
|a Also available in English and Spanish.
|
| 500 |
|
|
|a On cover: Universite ouvriere mondiale.
|
| 504 |
|
|
|a Includes bibliographical references.
|
| 505 |
0 |
|
|a pt. 1. A luta continua : luttes syndicales dans le monde -- pt. 2. Remise en cause de la gouvernance economique en Europe -- pt. 3. Politiques de developpement : il est temps d'abandonner le dogme neoliberal -- pt. 4. L'inegalite a la base de la crise -- pt. 5. Le travail decent et un redressement tire par les salaires : le fondement d'une croissance durable.
|
| 533 |
|
|
|a Electronic reproduction. Ann Arbor, MI : ProQuest, 2015. Available via World Wide Web. Access may be limited to ProQuest affiliated libraries.
|
| 650 |
|
0 |
|a Labor market.
|
| 650 |
|
0 |
|a Labor supply.
|
| 650 |
|
0 |
|a International economic relations.
|
| 655 |
|
4 |
|a Electronic books.
|
| 700 |
1 |
|
|a Pons-Vignon, Nicolas.
|
| 710 |
2 |
|
|a International Labour Office.
|
| 710 |
2 |
|
|a ProQuest (Firm)
|
| 856 |
4 |
0 |
|u https://ebookcentral.proquest.com/lib/matrademy/detail.action?docID=786899
|z Click to View
|